000 00595nam a2200205Ia 4500
003 OSt
005 20221006153556.0
006 a|||||r|||| 00| 0
007 ta
008 221006b |||||||| |||| 00| 0 chi d
024 _a32,751
037 _bGift, PRC
_cVideo
040 _aEASL
_cEASL
_bchi
041 _2chi
_achi
245 0 _aJian hua ershi sishi tai ji quan
_b Simplifies 24 form tai ji quan, with English & Chinese sound tracks and instructions
260 _aChina
_bForeign Language Press
300 _a CD
_ccm.
942 _cAUD
_2CC
999 _c1100837
_d1100837